Microlaringoscopia y microcirugía endolaringea (Registro nro. 86755)

Detalles MARC
000 -LEADER
campo de control de longitud fija 00679nam a2200193 i 4500
001 - NÚMERO DE CONTROL
campo de control 86755
003 - IDENTIFICADOR DE NÚMERO DE CONTROL
campo de control ES-MaACL
005 - FECHA Y HORA DE LA ÚLTIMA TRANSACCIÓN
campo de control 20230906175523.0
007 - CAMPO FIJO DE DESCRIPCIÓN FÍSICA--INFORMACIÓN GENERAL
campo de control de longitud fija t|
008 - DATOS DE LONGITUD FIJA--INFORMACIÓN GENERAL
campo de control de longitud fija 041215s1968 sp ||||1| spa d
100 1# - ENTRADA PRINCIPAL--NOMBRE DE PERSONA
Nombre de persona Kleinsasser, O.
9 (RLIN) 68233
245 10 - MENCIÓN DEL TÍTULO
Título Microlaringoscopia y microcirugía endolaringea
Resto del título : técnica y atlas de imágenes típicas /
Mención de responsabilidad, etc. por O. Kleinsasser ; prefacio L. Seiferth ; versión Jorge Perelló.
260 ## - PUBLICACIÓN, DISTRIBUCIÓN, ETC.
Lugar de publicación, distribución, etc. Barcelona, etc. :
Nombre del editor, distribuidor, etc. Científico Médica,
Fecha de publicación, distribución, etc. 1968.
300 ## - DESCRIPCIÓN FÍSICA
Extensión XII, 128 p., 15 lám. :
Otras características físicas il. ;
Dimensiones 25 cm.
700 1# - ENTRADA AGREGADA--NOMBRE PERSONAL
Nombre de persona Seiferth, L.
9 (RLIN) 105256
700 1# - ENTRADA AGREGADA--NOMBRE PERSONAL
Nombre de persona Perello, Jorge.
9 (RLIN) 199715
852 ## - LOCALIZACIÓN
Ubicación ES-MaACL
Número de control de estantería C-34912
Sublocalización o colección R.67930
Existencias
Estatus retirado Estado de pérdida Estado de daño No para préstamo Biblioteca de origen Biblioteca actual Ubicación en estantería Fecha de adquisición Fuente de adquisición Total de préstamos Signatura topográfica completa Código de barras Visto por última vez Precio de reemplazo Tipo de ítem Koha
        Biblioteca del Ateneo de Madrid Biblioteca del Ateneo de Madrid Depósito 2 17/01/2008     C-34912 1090646 23/02/2023 23/02/2023 Libro impreso